[Event "It"]
[Site "Pamplona ESP"]
[Date "2003.12.20"]
[Round "1"]
[White "Pelletier, Y."]
[Black "Illescas Cordoba, M."]
[Result "0-1"]
[WhiteElo "2604"]
[BlackElo "2602"]
[PlyCount "94"]
[EventDate "2003.12.20"]

{D84: Grunfeld: 4 Bf4 Bg7 5 e3 0-0 6 cxd5
} 1. d4 Nf6 2. c4 g6 3. Nc3 d5 4. Bf4
Bg7 5. e3 O-O 6. cxd5 Nxd5 7. Nxd5 Qxd5 8. Bxc7 Na6 9. Bxa6 Qxg2 10. Qf3 Qxf3
11. Nxf3 bxa6 12. Rc1 f6 13. Ke2 $146 (13. Rg1 Bd7 (13... Bb7 14. Ke2 e5 15.
dxe5 fxe5 16. Nxe5 Rf5 17. f4 Rh5 18. Ng4 Bc8 19. Be5 Bxg4+ 20. Rxg4 Bxe5 21.
fxe5 Rxh2+ 22. Kf3 Re8 23. Rc7 Rxe5 24. Rb4 Rb5 25. Rd4 Rf5+ {
1/2-1/2 Flear,G-Illescas Cordoba,M/Vila Real 2001/EXT 2003 (25)}) 14. Kd2 Rfc8
15. Rc3 Bf8 16. a3 Kf7 17. Rgc1 e6 18. Ke1 Be7 19. Nd2 Ke8 20. Ne4 Bb5 21. Bd6
Rxc3 22. Rxc3 f5 23. Bxe7 fxe4 24. Rc7 a5 25. Bc5 Bd7 26. Kd2 a4 27. Rxa7 Rxa7
{Trifunovic,P-Najdorf,M/Opatija 1949/MCL/1/2-1/2 (29)}) (13. Rc5 Kf7 14. O-O
Bb7 15. Nd2 Rfc8 16. Rfc1 Bf8 17. Bg3 Ke8 18. Rxc8+ Bxc8 19. Rc6 Bd7 20. Rc7
Kd8 21. Rc3 Rc8 22. Ne4 Be6 23. a3 Bd5 {
1/2-1/2 Bagheri,A-Ghaem Maghami,E/IRI 2000/EXT 2003 (23)}) 13... Bg4 14. Rc4
Rac8 15. d5 f5 (15... e5 $5 16. dxe6 Bxe6 $11) 16. b3 $16 e5 17. dxe6 Rfe8 18.
Rg1 Rxe6 19. Rg3 $4 (19. h3 $142 Bh5 20. Rd1 $14) 19... Re4 $17 20. Bd6 Rexc4
21. bxc4 Rxc4 22. Kd3 Ra4 23. Nd2 (23. a3 $5 $17) 23... Rxa2 24. f3 Bh5 25. Rg1
Ra1 26. Rxa1 Bxa1 27. Bc5 g5 28. f4 gxf4 29. exf4 Bd1 30. Bxa7 Kf7 31. Nc4 Ke6
32. Bb6 Bb3 33. Na5 Bd5 34. Bc7 Bf6 35. Bb6 Be7 36. Be3 Bd8 37. Bd2 Bb6 38. Be1
Bg1 39. h3 (39. Bg3 Kd6 40. Kc3 Kc5 41. Nb3+ Bxb3 42. Kxb3 Kd4 $19) 39... Bb6 (
39... Bg2 40. h4 $19) 40. Bc3 $2 (40. Nc4 Be4+ 41. Kc3 $19) 40... Bg2 41. h4
Bd5 (41... Kd5 42. Nb3 Be4+ 43. Kd2 $19) 42. h5 (42. Nc4 Bc7 43. Ne5 h5 $19)
42... Bc5 43. Bd2 Kd7 (43... Kf7 44. Be3 Be7 45. Nc4 $19) 44. Bc3 (44. Nc4 Kc6
$19) 44... Bb6 (44... Bf3 45. Nb3 Bd6 46. Kd4 $19) 45. Bb4 $2 (45. Nc4 $142 Bc7
46. Ne5+ Ke6 47. Ng6 $19) 45... Bf7 46. h6 Bd5 47. Bc3 Ke6 (47... Ke6 48. Nc4
Bc5 $19) 0-1

[Event "It"]
[Site "Pamplona ESP"]
[Date "2003.12.20"]
[Round "1"]
[White "Sutovsky, E."]
[Black "Nakamura, H."]
[Result "1-0"]
[WhiteElo "2646"]
[BlackElo "2565"]
[PlyCount "79"]
[EventDate "2003.12.20"]

{B30: Sicilian: 2...Nc6 3 Bb5, lines without ...g6
} 1. e4 c5 2. Nf3 Nc6 3. Bb5
e6 4. Bxc6 bxc6 5. b3 d5 6. Qe2 Ne7 (6... a5 7. Nc3 Nf6 (7... Ba6 8. d3 c4 9.
bxc4 Bb4 10. Bd2 dxc4 11. d4 c5 12. a3 Bxc3 13. Bxc3 cxd4 14. Nxd4 Nf6 15. O-O
O-O 16. a4 Qc7 17. f3 Qc5 18. Qf2 Rab8 19. Rfd1 Rfc8 20. Ne2 Qc7 21. Qg3 Qe7
22. Rd7 {Vazquez,R-Almeida,O/Las Tunas 2001/CBM 83/1/2-1/2 (39)}) 8. O-O c4 9.
bxc4 Bb4 10. Bb2 O-O 11. e5 Nd7 12. cxd5 Ba6 13. d3 cxd5 14. a3 Be7 15. Nd1 Qb6
16. Re1 Rfc8 17. Qd2 Nc5 18. Bc3 Bb5 19. Bd4 Qc7 20. h4 Na4 21. Ne3 {
Kholmov,R-Sveshnikov,E/Soviet Union 1984/EXT 2000/1/2-1/2 (45)}) 7. Ba3 $146 (
7. d3 Ng6 8. O-O Be7 9. Nc3 d4 10. Na4 e5 11. Ba3 O-O 12. Nd2 Nf4 13. Qf3 Ne6
14. Rfe1 Qc7 15. Qg3 Kh8 16. Nc4 f6 {
1/2-1/2 De la Paz,F-Almeida,O/Santa Clara 2000/EXT 2001 (16)}) (7. O-O Ng6 8.
Nc3 Be7 9. Bb2 O-O 10. Na4 c4 11. Qe3 c5 12. Nxc5 Qb6 13. d4 cxd3 14. Nxd3 Ba6
15. Rfd1 Rfc8 16. Nfe1 Bb7 17. exd5 exd5 18. Bd4 Rc6 19. c3 Re6 20. Qd2 Re8 21.
Nf3 Bd6 {Karnik,P-Skaroupka,J/Policka 1996/EXT 98/1-0 (34)}) 7... Ng6 8. O-O
Qa5 9. Bb2 Bd6 10. Bxg7 Nf4 11. Qe3 Rg8 (11... d4 $5 12. Qe1 Nxg2 13. Kxg2 Rg8
$15) 12. e5 $11 Nxg2 13. Qh6 (13. Kxg2 {Decoy to g2} Rxg7+) 13... Ne1 14. exd6
(14. Nxe1 $2 Bxe5 15. c3 Rxg7+ 16. Kh1 Ba6 $19) (14. Rxe1 Bf8) 14... Nxf3+ 15.
Kh1 Ba6 16. d3 Qd8 17. Nd2 Nxd2 18. Rg1 Qxd6 19. Qxd2 O-O-O 20. Qh6 Bb7 21. Bf6
Rxg1+ (21... d4 22. Qxh7 Qd5+ 23. Qe4) 22. Rxg1 Re8 23. Qxh7 Qf4 24. Rg8 Qxf6
25. Rxe8+ Kd7 26. Rg8 Qxf2 27. Qh3 c4 (27... Qxc2 $5 28. Qf1 Kc7 $11) 28. Qg2
$14 (28. bxc4 $4 c5 (28... Qxc2 29. Qf1 Kc7 30. Qxf7+ Kb6 31. Rg7 (31. Qxe6 $6
Qxd3 32. h4 Qxc4 $11) 31... Qd1+ 32. Kg2 Qd2+ 33. Qf2+ Qxf2+ 34. Kxf2 $18) 29.
Qg2 Qe1+ 30. Qg1 dxc4+ 31. Rg2 Qe2 (31... Bxg2+ $6 32. Kxg2 Qe5 33. Qf1 Qd5+
34. Qf3 cxd3 35. Qxd5+ exd5 36. cxd3 $19) 32. dxc4 f5 $19 (32... Qxg2+ $6 33.
Qxg2 Bxg2+ 34. Kxg2 $19)) 28... Qf4 29. Rg3 Qc1+ 30. Qg1 Qxc2 31. Qxa7 Qd1+ 32.
Kg2 Qe2+ (32... Qd2+ 33. Qf2 c3 34. Kf1 Qc1+ 35. Kg2 $11) 33. Qf2 $14 cxd3 $2 (
33... Qxf2+ 34. Kxf2 cxd3 35. Rxd3 Ba6 $18) 34. Qxe2 $18 dxe2 35. Kf2 d4 $2 (
35... Ke8 $142 36. h4 f5 $18) 36. h4 (36. Kxe2 $6 Ba6+ 37. Ke1 f5 $18) 36... c5
37. h5 Be4 38. Kxe2 e5 39. h6 Kc6 (39... Kd6 40. Rg7 f6 41. a4 $18) 40. a4 (40.
a4 Kd6 41. Rg7 $18) (40. Rf3 $142 Kd5 41. Rxf7 c4 42. bxc4+ Kxc4 43. Rc7+ Kb4
$18) 1-0

[Event "It"]
[Site "Pamplona ESP"]
[Date "2003.12.20"]
[Round "1"]
[White "Bologan, V."]
[Black "Karjakin, Sergey"]
[Result "0-1"]
[WhiteElo "2673"]
[BlackElo "2562"]
[PlyCount "62"]
[EventDate "2003.12.20"]

{B90: Sicilian Najdorf} 1. e4 c5 2. Nf3 d6 3. d4 cxd4 4. Nxd4 Nf6 5. Nc3 a6 6.
Be3 e5 7. Nb3 Be6 8. f3 h5 9. Qd2 Nbd7 10. a4 Be7 11. Be2 (11. a5 Rc8 12. Be2
g6 (12... h4 13. O-O Rxc3 14. Qxc3 d5 15. Qd3 h3 16. g3 O-O 17. Bg5 Qc7 18.
exd5 Bxd5 19. c4 Be6 20. Nd2 Nc5 21. Qc2 Rd8 22. b4 Ncd7 23. Qb2 Nf8 24. Rfd1 {
1/2-1/2 Toma,K-Worek,J/Trzebinia POL 2002/The Week in Chess 390 (69)}) (12...
Qc7 13. O-O O-O 14. Kh1 (14. Rfd1 Rfd8 15. Bf1 d5 16. exd5 {
1/2-1/2 Almasi,Z-Lutz,C/Koelln GER 2003/The Week in Chess 473 (16)}) 14... Rfd8
15. Nc1 Re8 16. Rd1 Bf8 17. Bf1 Red8 18. Qf2 Be7 19. Rd2 Qc6 20. Nd3 d5 21.
exd5 Nxd5 22. Nxd5 Bxd5 23. Rad1 Be6 24. c3 Bb3 25. Re1 Qa4 26. f4 exf4 27.
Bxf4 Bf6 28. Qf3 Bh4 29. Rc1 Nf8 30. Nc5 Rxc5 {
0-1 Lahno,K-Areshchenko,A/Kramatorsk UKR 2003/The Week in Chess 457 (30)}) 13.
O-O Kf8 14. Rfd1 Kg7 15. Nc1 h4 16. Nd3 Nh5 17. Nb4 Nf4 18. Bxf4 exf4 19. Qxf4
Bg5 20. Qxd6 Be3+ 21. Kh1 Qg5 22. Ncd5 Bc5 23. Qf4 Qg3 24. Nd3 Ba7 25. Ne3 g5
26. Nf5+ Bxf5 27. Qxf5 Rxc2 28. Re1 g4 29. Qxd7 gxf3 30. gxf3 Bb8 31. hxg3
hxg3+ 32. Kg1 Rh2 33. Qd4+ {
1-0 Ivanov,O-Budnikov,O/Kharkov UKR 2002/The Week in Chess 378 (33)}) 11... Rc8
12. O-O O-O 13. Rfd1 Nb6 (13... Qc7 14. a5 Rfd8 15. Nc1 (15. Bf1 d5 16. exd5 {
1/2-1/2 Almasi,Z-Lutz,C/Koelln GER 2003/The Week in Chess 473 (16)}) 15... d5
16. Nxd5 Bxd5 17. exd5 Qxc2 18. d6 Bf8 19. Na2 Qxd2 20. Rxd2 Rc6 21. Rad1 Nb8
22. Ba7 Rcxd6 23. Rxd6 Bxd6 24. Nc3 Nc6 25. Bb6 Rd7 26. Ne4 Nd4 27. Nxf6+ gxf6
28. Bd3 {Hracek,Z-Ftacnik,L/Germany 1999/EXT 2000/0-1 (40)}) 14. a5 Nc4 15.
Bxc4 Rxc4 16. Qd3 $146 (16. Bg5 Qc7 17. Bxf6 Bxf6 18. Qxd6 Rc8 19. Qxc7 R8xc7
20. Rd2 Bg5 21. Re2 Rc8 22. Rd1 R4c6 23. Kf2 Kf8 24. Ra1 Bc4 25. Ree1 Bh4+ 26.
g3 Be7 27. Rec1 Ke8 28. f4 Bf6 29. f5 Be7 30. Kf3 g6 {
Sedlak,N-Sadvakasov,D/Subotica 2000/CBM 81/0-1 (41)}) 16... Qc8 17. Nd2 Rc6 18.
Nf1 Nd7 19. Bf2 Bg5 20. Ne3 h4 21. Ned5 h3 22. g3 Re8 23. Nb4 $4 {A remarkable
blunder from a world-class player. Bologan has been playing a lot since his
phenomenal win in Dortmund and from the looks of things he needs a rest!    
 At the GM level we can just call this a blunder. It's not as if Bologan would
have needed more than a second to find Black's reply if given this position.
It does show how every player is vulnerable to fixating on his own moves
without looking at the entire board. Bologan may have already been bailing out
a little with this move, perhaps expecting a repetition after ..Rc4 Nbd5.} (23.
f4 $142 Rxc3 $5 (23... Bd8) 24. Nxc3 exf4 25. Qxd6 $14) 23... Bc4 $19 {
Winning the queen. It's surprising that Bologan can play on here, but he gets
a bishop and rook for the queen plus the extra cost of a trapped knight.} 24.
Nxc6 Bxd3 25. Na7 Qb8 26. Rxd3 (26. cxd3 Nc5 27. Nd5 Nb3 $19) 26... Nc5 27.
Rdd1 (27. Rd5 Ne6 28. Rf1 Nd4 $19) 27... Ne6 (27... Qxa7 $6 28. b4 $19) 28. Nd5
Nd4 29. Rxd4 (29. Rd3 f5 (29... Qxa7 $6 30. c3 $19) (29... Nxc2) 30. c3 Ne2+ (
30... Qxa7 $6 31. cxd4 fxe4 32. dxe5 $19) 31. Kf1 fxe4 32. fxe4 Nc1 $19) 29...
exd4 (29... Qxa7 $6 30. Rd3 Qb8 31. Re1 $15) 30. Bxd4 f5 31. c3 Qd8 (31... Qd8
32. b4 fxe4 $19) 0-1

[Event "It"]
[Site "Pamplona ESP"]
[Date "2003.12.21"]
[Round "2"]
[White "McShane, L."]
[Black "Bologan, V."]
[Result "0-1"]
[WhiteElo "2649"]
[BlackElo "2673"]
[PlyCount "120"]
[EventDate "2003.12.20"]

{B50: Sicilian: 2...d6, Miscellaneous
} 1. e4 c5 2. Nf3 d6 3. c3 Nf6 4. Be2 g6
(4... Nxe4 5. Qa4+) 5. O-O Bg7 6. Bb5+ (6. Re1 O-O 7. Bf1 Nc6) (6. d3 O-O 7.
Bg5 h6 8. Bh4 Nbd7) 6... Bd7 7. Bxd7+ Nbxd7 (7... Nfxd7 8. d4 O-O 9. Be3 Qb6
10. Qd2 Nf6 11. dxc5 dxc5 12. Qc2 Qc6 13. Nbd2 h6 14. Rfe1 Na6 15. Ne5 Qe6 16.
f4 Ng4 17. Nxg4 Qxg4 18. f5 e6 19. h3 Qg3 20. Nf3 Rad8 21. f6 Bxf6 22. e5 Bg5
23. Bf2 Qf4 24. Re4 Qf5 25. Qe2 {
1-0 Grischuk,A-Sutovsky,E/Plovdiv BUL 2003/The Week in Chess 467 (25)}) 8. Re1
O-O 9. d4 Ne8 (9... cxd4 10. cxd4 d5 11. e5 Ne4 12. Qb3 Nb6 13. Nbd2 Nxd2 14.
Bxd2 Qd7 15. Qd3 e6 {1-0 Stripunsky,A-Perelshteyn,E/Seattle USA 2002 (53)}) 10.
Bg5 (10. a4 a6 11. a5 Nc7 {
1/2-1/2 Niedermayr,H-Watzka,H/Austria 2001/CBM 81 ext (11)}) 10... Nc7 11. d5
$146 (11. Qd2 Ne6 12. Bh6 Bxh6 13. Qxh6 f6 14. Nbd2 Rc8 15. d5 Ng7 16. c4 Qa5
17. Re3 a6 18. Ra3 Qc7 19. Rf1 e5 20. Nh4 Qd8 21. Rh3 Qe7 22. Qxh7+ Kxh7 23.
Nf5+ Nh5 24. Nxe7 Ra8 25. Nf5 $18 {
Fogarasi,T-Wittmann,W/Austria 1999/EXT 2001/1/2-1/2 (78)}) 11... h6 12. Be3 (
12. Bc1 f5 $2 {Now this move is a mistake.} 13. exf5 Rxf5 14. c4 {
Now playable because the bishop protects b2.}) 12... f5 $1 13. exf5 Rxf5 14.
Nh4 Rxd5 15. Qc2 g5 $5 16. Nf5 Qf8 17. Ng3 (17. Nxg7 $5 Kxg7 18. Nd2 $11) 17...
Qf7 18. Nd2 Ne5 19. Rf1 Rf8 20. Nde4 Ng6 21. Qa4 Re5 (21... a6 22. Qd7 e6 23.
Qxf7+ Rxf7 24. c4 $15) 22. c4 $2 (22. Qxa7 $142 $5 Qd5 23. Qa4 $11) (22. Qd7
Ne6 23. Qxb7 Nef4 $17) 22... Qe6 23. Nc3 a6 (23... Rxe3 $6 24. fxe3 Qxe3+ 25.
Kh1 $11) 24. Rae1 Nf4 25. Qa5 Qd7 26. Nge4 (26. Qb6 $5 Qc6 27. Qxc6 bxc6 28.
Rd1 $17) 26... Qc6 27. f3 b5 (27... Nd3 28. Re2 b5 29. b3 $19) 28. b3 (28. Bxf4
gxf4 29. b3 e6 $19) 28... Nd3 29. Re2 Ref5 (29... b4 30. Rd2 bxc3 31. Rxd3 Rxe4
32. fxe4 Qxe4 33. Rxc3 $19) 30. Ng3 R5f7 31. Nce4 Ne5 32. Nh5 (32. Rc2 Ng4 33.
Bf2 Nxf2 34. Nxf2 Ne6 $19) 32... Bh8 33. Qe1 $2 (33. Nd2 $19) 33... bxc4 34.
bxc4 Nxc4 35. Bxg5 hxg5 36. Nxg5 Qd5 37. Qg3 Bg7 38. Nxf7 Rxf7 (38... Qxh5 39.
Ng5 Bd4+ 40. Kh1 $19) 39. Qh3 (39. Nxg7 Rxg7 40. Qh3 e6 $19) 39... e6 (39...
Qf5 $142 40. Qxf5 Bd4+ 41. Kh1 Rxf5 42. Rxe7 $19) 40. Nxg7 Rxg7 41. Re4 (41.
Rb1 Qd4+ 42. Rf2 Ne3 $19) 41... Ne5 (41... Nd2 42. Rd1 c4 43. Rg4 $19) 42. Rb1
Nd7 (42... Qxa2 43. Rb8+ Kf7 44. Rb7 Qa1+ 45. Kf2 $17) 43. Qh4 Ne8 (43... Qxa2
$6 44. Rb8+ Nxb8 45. Qd8+ Kh7 46. Rh4+ Kg6 47. Rg4+ Kh7 48. Rh4+ Kg6 49. Rg4+
Kh7 50. Rh4+ $11) 44. Qe1 e5 45. Qe2 Qc6 46. Rh4 Nef6 47. f4 Qa4 48. Kh1 Qd4 (
48... d5 49. g3 e4 50. g4 $19) 49. Qxa6 Qf2 50. g3 (50. Qa8+ Kf7 51. fxe5 Qxh4
52. exf6 Nxf6 53. Rf1 $19) 50... Qf3+ 51. Kg1 exf4 (51... Rxg3+ $142 52. hxg3
Qxg3+ 53. Kf1 Qxh4 $19) 52. Qc4+ Nd5 53. Rb3 (53. Rxf4 Qxf4 54. Qxd5+ Kh7 55.
Qd3+ Kh8 56. Rd1 $19) 53... Qd1+ 54. Kf2 (54. Kg2 Ne5 55. Qe4 f3+ 56. Rxf3
Qxf3+ 57. Qxf3 Nxf3 58. Kxf3 Rf7+ 59. Ke4 Nc3+ 60. Kd3 Nxa2 $19) 54... Qd2+ (
54... Re7 $5 55. gxf4 Qe1+ 56. Kf3 Qxh4 57. Qxd5+ Kh8 58. Qf5 $19) 55. Kg1 (55.
Qe2 Qd4+ 56. Kf1 $19) 55... Qd1+ (55... f3 56. Rxf3 Ne5 57. Qe4 Nxf3+ 58. Qxf3
Qxa2 59. Re4 Qb1+ 60. Kg2 $19) 56. Kf2 Re7 57. Rxf4 Ne5 (57... Qe1+ $142 58.
Kg2 Re2+ 59. Kh3 Qd2 $19) 58. Rb8+ (58. Qe2 Qxe2+ 59. Kxe2 $19) 58... Kg7 59.
Qa4 (59. Qf1 Qc2+ 60. Kg1 Nxf4 61. gxf4 $19) 59... Nd3+ 60. Kg2 N5xf4+ (60...
N5xf4+ 61. Qxf4 Nxf4+ 62. gxf4 Qg4+ 63. Kf1 Qf3+ 64. Kg1 Re1#) (60... Ne3+ 61.
Kh3 Qh5+ 62. Rh4 Nf2#) 0-1

[Event "It"]
[Site "Pamplona ESP"]
[Date "2003.12.22"]
[Round "3"]
[White "Karjakin, Sergey"]
[Black "McShane, L."]
[Result "0-1"]
[WhiteElo "2562"]
[BlackElo "2649"]
[PlyCount "80"]
[EventDate "2003.12.20"]

{B33: Sicilian: Pelikan and Sveshnikov Variations
} 1. e4 c5 2. Nf3 Nc6 3. d4
cxd4 4. Nxd4 Nf6 5. Nc3 e5 6. Ndb5 d6 7. Bg5 a6 8. Na3 b5 9. Bxf6 gxf6 10. Nd5
f5 11. Bd3 Be6 12. c3 Bg7 13. Nxb5 axb5 14. Bxb5 Bd7 15. exf5 O-O 16. O-O Re8
$146 (16... Rb8 17. a4 Ne7 (17... Re8 18. Qg4 Kh8 19. Qh5 e4 20. Rad1 Ne5 21.
c4 Rg8 22. Rfe1 Bf8 23. Rxe4 Rg5 24. Qe2 Bxf5 25. f4 Bg4 26. Qc2 Bxd1 27. Qxd1
Rg8 28. fxe5 Qg5 29. Qf1 Bg7 30. Nf6 dxe5 31. Nxg8 Rxg8 32. h4 {
Berthelot,Y-Lautier,J/France 2003/CBM 95/[Rogozenko]/0-1 (60)}) (17... Qg5 18.
Ne3 Rfd8 19. Qxd6 Bf8 20. Qd5 Nb4 21. Qf3 Bxb5 22. axb5 Nd3 23. Ra4 h5 24. h4
Qh6 25. Ra6 e4 26. Qe2 Rd6 27. Nc4 Rxa6 28. bxa6 Bc5 29. b4 Ba7 30. b5 Rxb5 31.
Qxe4 Nxf2 32. Qa8+ {Koch,J-Philippe,C/France 2003/CBM 94/[Rogozenko]/1-0 (44)})
18. f6 Nxd5 19. fxg7 Kxg7 20. Qxd5 Be6 21. Qd3 Kh8 22. c4 Rg8 23. f4 Qb6+ 24.
Kh1 Bc8 25. a5 Qb7 26. Rf2 Qa7 27. Rd2 Bb7 28. Qxd6 Rg6 29. Qxe5+ f6 30. Qc3
Rbg8 31. Rg1 {Delorme,A-Garro,P/Le Grand Bornand 2003/EXT 2004/1-0 (36)}) 17.
Qf3 e4 18. Qg3 Kh8 19. Qxd6 Be5 20. Qh6 Bxf5 (20... Bg7 21. Qd6 Ne5 22. Bxd7
$14) 21. Nf4 (21. Qxc6 $142 $5 Re6 22. Qc4 Rc8) 21... Bd7 $15 22. Rad1 Rc8 23.
Rd5 (23. a4 $5 $11) 23... Qc7 $17 24. g3 Rg8 25. Rfd1 Bg4 26. Be2 Bf5 $2 (26...
Bxe2 27. Nxe2 Ne7 28. Rd7) (26... Bxf4 $2 27. Qf6+ Rg7 28. Bxg4) 27. Rc5 $2 (
27. Rxe5 $142 $1 Qxe5 28. Rd5 $18 Qg7 29. Qxg7+ Kxg7 30. Rxf5) 27... f6 28. Bb5
Qb6 (28... Qb7 $5 $15) 29. b4 $11 e3 (29... Qb7 $142 $5 $11) 30. fxe3 $16 Be4
$4 (30... Qb7 $142 31. Rdd5 Na7 32. Rxe5 fxe5 $18) 31. Nd5 $18 Qb8 32. Nxf6 (
32. Bxc6 Bxg3 33. Kf1 Rg6 $17) 32... Bxg3 33. Nxe4 $4 (33. Nxg8 $142 $1 Bxh2+ (
33... Rxg8 34. Qf6+ Rg7) 34. Kf1 Rf8+ 35. Nf6 $18) 33... Bf4+ $19 34. Ng5 Bxg5
35. Qe6 (35. Rxg5 $142 Rxg5+ 36. Qxg5 Rg8) 35... Bxe3+ 36. Kh1 Bxc5 37. Bxc6 (
37. Qf6+ Rg7 38. Bxc6 $19) 37... Rg6 38. Qf7 (38. Qd7 Be3 39. Bd5 $19) 38...
Rcxc6 (38... Rgxc6 $2 39. Rd7) (38... Rh6 $1) 39. bxc5 Rcf6 40. Qd5 Qc7 (40...
Qc7 41. Qd8+ Qxd8 42. Rxd8+ Kg7 $19) (40... Qf8 41. Rg1 Rxg1+ 42. Kxg1 Rf1+ 43.
Kg2 Qf2+ 44. Kh3 Qe3+ 45. Kh4 Rf4+ 46. Kg5 Re4+ 47. Kh5 Qf3+ 48. Kg5 Rg4+ 49.
Kh6 Rg6#) 0-1

[Event "It"]
[Site "Pamplona ESP"]
[Date "2003.12.23"]
[Round "4"]
[White "Nakamura, H."]
[Black "Karjakin, Sergey"]
[Result "1-0"]
[WhiteElo "2565"]
[BlackElo "2562"]
[PlyCount "103"]
[EventDate "2003.12.20"]

{B97: Sicilian Najdorf: Poisoned Pawn
} 1. e4 c5 2. Nf3 d6 3. d4 cxd4 4. Nxd4
Nf6 5. Nc3 a6 6. Bg5 e6 7. f4 Qb6 8. Qd2 Nc6 9. O-O-O Qxd4 10. Qxd4 Nxd4 11.
Rxd4 h6 12. Bh4 (12. Bxf6 gxf6 13. Na4 Bd7 14. Nb6 Rd8 15. Nc4 Bc6 (15... Bc8
16. Be2 d5 17. Rhd1 Bc5 18. R4d3 Ke7 19. exd5 Rxd5 20. Rxd5 exd5 21. Rxd5 Bg1
22. h3 Be6 23. Rd1 Bc5 24. f5 Bxc4 25. Bxc4 h5 26. Bd5 b6 27. Bc6 Bd6 28. c3 h4
29. Rd4 a5 30. Kc2 {
Kurnosov,I-Belov,V/Krasnoyarsk 2003/CBM 98 no vc/1/2-1/2 (53)}) 16. Na5 Kd7 17.
Be2 Rg8 18. g3 Rc8 19. Rhd1 Rc7 20. R1d2 Be7 21. Nc4 {
1/2-1/2 Guseinov,G-Grischuk,A/Plovdiv 2003/CBM 98 no vc (21)}) 12... Be7 13.
Be2 b5 $146 (13... e5 14. fxe5 dxe5 15. Rd3 Nxe4 16. Bxe7 Nxc3 17. Rxc3 Kxe7
18. Rc7+ Ke8 19. Bc4 Rf8 20. Rf1 f6 21. Rxg7 Rb8 22. Be2 Be6 23. Bh5+ Kd8 24.
Rd1+ Kc8 25. Rd6 Bf5 26. g4 Be4 27. Bf7 Ra8 28. Rxf6 {
Tomczak,R-Bobras,P/Lubniewice 2002/CBM 91 ext/1-0 (53)}) 14. Bf3 Rb8 15. Bg3 (
15. e5 dxe5 16. fxe5 Nd7 $14) 15... Nd7 16. Rhd1 O-O 17. Kb1 Re8 18. a4 (18. e5
$142 $5 d5 19. f5 $14) 18... b4 $15 19. Na2 a5 20. Nc1 Nb6 (20... Nc5 21. e5 (
21. Rxd6 $143 Bxd6 22. Rxd6 Bb7 $17 (22... Nxa4 $6 23. Nb3 $11)) 21... d5 22.
f5 $15) 21. b3 (21. Nb3 $142 $5 Ra8 22. Be2 $14) 21... Bb7 $15 22. Ne2 Rbc8 23.
R4d2 d5 24. e5 Bc5 25. Nd4 Ba6 26. Bf2 Nd7 27. Re1 Rc7 28. Kb2 g6 29. h4 Bf8
30. h5 Nc5 31. hxg6 fxg6 32. g3 h5 33. Be3 Rh7 34. Rh1 Ne4 35. Rg2 (35. Bxe4
$142 $5 dxe4 36. Nb5 $16) 35... Bc5 $11 36. Re1 Bxd4+ 37. Bxd4 Rc8 $2 (37...
Bb7 $142 $16) 38. Bxe4 $18 dxe4 39. Bb6 (39. Rxe4 Bb7 40. Ree2 Rd7 $17) 39...
Rb7 40. Bxa5 Rbb8 $2 (40... Rc5 41. Bd8 Rd7 $18) 41. Rd2 (41. Rxe4 $6 Bb7 42.
Rge2 Bxe4 43. Rxe4 Rc3 $18) 41... Rc3 (41... Rc5 42. Rd8+ Rxd8 43. Bxd8 Rd5 $18
) 42. Rd6 Ra8 43. Rg1 (43. Bxb4 $142 Rxg3 44. Rxe4 h4 $18) 43... Bd3 44. cxd3
Rxa5 45. dxe4 Rac5 46. Rg2 Re3 47. Rd4 (47. Rxe6 $6 Rcc3 48. Rxg6+ Kf7 $18)
47... Rcc3 (47... Kf7 48. Rxb4 g5 49. Rb7+ Kg6 50. Re7 $18) 48. Rxb4 Rxg3 (
48... Rc8 $18) 49. Rxg3 Rxg3 50. a5 Kg7 (50... Rg2+ 51. Kc3 Rg1 52. a6 $18) 51.
Ka3 (51. a6 $142 Rg2+ 52. Kc3 $18) 51... Rg1 52. Ka4 (52. Ka4 h4 53. Rb7+ Kh6
54. Rc7 $18) (52. Ra4 $142 h4 53. Kb4 $18) 1-0

[Event "It"]
[Site "Pamplona ESP"]
[Date "2003.12.23"]
[Round "4"]
[White "Sutovsky, E."]
[Black "Romero Holmes, A."]
[Result "1-0"]
[WhiteElo "2646"]
[BlackElo "2544"]
[PlyCount "59"]
[EventDate "2003.12.20"]

{B52: Sicilian: Moscow Variation with 3...Bd7
} 1. e4 c5 2. Nf3 d6 3. Bb5+ Bd7
4. Bxd7+ Qxd7 5. O-O Nf6 6. e5 dxe5 7. Nxe5 Qc8 8. Qf3 g6 (8... e6 9. Nc3 Be7
10. d3 Nbd7 11. Nc4 Nb6 12. Na5 Nbd5 13. Nxd5 Nxd5 14. c4 Nb4 15. Qxb7 Qxb7 16.
Nxb7 a5 17. Bd2 Ra7 18. Nxa5 Rxa5 19. a3 Nc6 20. Bxa5 Nxa5 21. b4 Nc6 22. Rfb1
Kd7 23. bxc5 {Degraeve,J-Naiditsch,A/Belgium 2003/EXT 2004/0-1 (39)}) 9. Re1
Bg7 10. d3 $146 (10. Nc4 O-O 11. Na5 Nbd7 12. Nc3 Rb8 13. a4 a6 14. d3 Re8 15.
Bf4 e5 16. Bg3 b5 17. axb5 axb5 18. Qc6 Nh5 19. Nd5 Bf8 20. c4 bxc4 21. Qxc8
Rexc8 22. Nxc4 Nxg3 23. hxg3 Rb7 24. Ra6 Kg7 {
Adams,M-Van Wely,L/France 2001/EXT 2002/1/2-1/2 (43)}) 10... O-O 11. Nc3 Na6
12. Nc4 Nb4 13. Rxe7 Nxc2 14. Rb1 Re8 15. Rxe8+ (15. Qxb7 $4 Qxb7 16. Rxe8+
Rxe8 $19) 15... Qxe8 16. Bg5 Qc6 17. Qxc6 bxc6 18. Bxf6 Bxf6 19. Ne4 Be7 20.
Ne5 Nd4 21. Nd7 {Attacks the isolani on c5} Ne6 22. Rc1 {
The pressure on the isolated pawn grows} Rd8 23. Ne5 Nd4 24. Kf1 Rd5 25. Ng4
Kg7 (25... f5 $4 26. Ngf6+ Kf7 (26... Bxf6 27. Nxf6+ Kf7 28. Nxd5) 27. Nxd5)
26. Ne3 Rh5 27. h3 Ne6 28. Rc4 Bd8 29. Nd6 Rh4 $4 (29... Bg5 $142 $16) 30.
Ndf5+ (30. Ndf5+ gxf5 31. Nxf5+ Kf6 32. Nxh4 $18 (32. Rxh4 $6 Kxf5 33. Rxh7 Kg6
$11)) 1-0

[Event "It"]
[Site "Pamplona ESP"]
[Date "2003.12.26"]
[Round "5"]
[White "Romero Holmes, A."]
[Black "Illescas Cordoba, M."]
[Result "1-0"]
[WhiteElo "2544"]
[BlackElo "2602"]
[PlyCount "71"]
[EventDate "2003.12.20"]

{E71: King's Indian: 4 e4 d6 5 h3
} 1. d4 Nf6 2. c4 g6 3. Nc3 Bg7 4. e4 d6 5.
h3 O-O 6. Be3 Na6 7. g4 (7. Bd3 e5 8. d5 Nh5 9. g3 Qe8 10. Be2 Nf6 11. Nf3 Nd7
12. g4 f5 13. a3 Nac5 14. gxf5 gxf5 15. Nd2 Nf6 16. Bxc5 dxc5 17. Qc2 Nxe4 18.
Ndxe4 fxe4 19. Nxe4 Bf5 20. Bd3 Qh5 21. Qe2 Qh4 {
Sokolov,I-Van Wely,L/Groningen 1994/CBM 45/0-1 (40)}) 7... c5 8. Nge2 cxd4 9.
Nxd4 $146 (9. Bxd4 Qa5 10. Ng3 Be6 11. a3 Rfc8 12. b4 Qd8 13. g5 Nd7 14. Bxg7
Kxg7 15. Nd5 Bxd5 16. exd5 Qh8 17. Rc1 Kg8 18. Qd2 Nab8 19. Be2 a5 20. O-O axb4
21. axb4 Ra3 22. Kg2 b6 23. h4 Rc7 {
Sulava,N-Cebalo,M/Asti 1998/EXT 2003/1/2-1/2 (40)}) 9... Bd7 10. Bg2 Rc8 11. b3
Nc5 12. O-O a6 13. Rc1 e5 14. Nc2 Bc6 {Now all is on e4} 15. f3 Ne6 16. Qd2 Ne8
17. Nd5 Bxd5 18. Qxd5 Qe7 19. Qd2 Bf6 20. Nb4 N8c7 21. Rcd1 {
Attacking the backward pawn on d6} Rfd8 22. a4 h6 23. Bxh6 g5 24. h4 Nf4 25.
Nc2 Nce6 26. Ne3 Nd4 (26... Nxg2 27. Nd5 (27. Nxg2 $6 gxh4 28. Ne3 Nd4 $16) (
27. Kxg2 $6 Nf4+ 28. Kh1 gxh4 $18) (27. Qxg2 $6 Nf4 28. Qd2 d5 29. cxd5 gxh4
$18) 27... Nxh4 28. Nxe7+ Bxe7 29. Kf2 $18) 27. hxg5 Bxg5 28. Nd5 Nde2+ $4 (
28... Nxd5 $142 29. Bxg5 f6 $16 30. Bh6 Nc7) 29. Kh2 Bxh6 (29... Nxd5 30. Bxg5
Nf6 31. Qxe2 Nxg4+ 32. fxg4 Qxg5 $18) 30. Nxe7+ Kg7 31. Nf5+ Kg6 32. Rf2 Rh8 (
32... Nd4 33. Nxd4 Ne6 34. f4 $18) 33. Rxe2 Bg5+ 34. Kg1 Nh3+ 35. Bxh3 Bxd2 36.
Rexd2 (36. Rexd2 Kg5 37. Bg2 $18) 1-0